Networking Complete (Record no. 46)

MARC details
000 -LEADER
fixed length control field 00362nam a2200169Ia 4500
008 - FIXED-LENGTH DATA ELEMENTS--GENERAL INFORMATION
fixed length control field 221030s9999 xx 000 0 und d
020 ## - INTERNATIONAL STANDARD BOOK NUMBER
ISBN 8176567159
041 ## - LANGUAGE CODE
Language code of text/sound track or separate title
082 ## - DEWEY DECIMAL CLASSIFICATION NUMBER
Classification number 105.23
100 ## - MAIN ENTRY--AUTHOR NAME
Personal name 1
245 #0 - TITLE STATEMENT
Title Networking Complete
Statement of responsibility, etc by 1
250 ## - EDITION STATEMENT
Edition statement 3rd
260 ## - PUBLICATION, DISTRIBUTION, ETC. (IMPRINT)
Name of publisher BPB Pub
Place of publication New Delhi
Year of publication 2003
300 ## - PHYSICAL DESCRIPTION
Number of Pages 860
650 ## - SUBJECT ADDED ENTRY--TOPICAL TERM
Topical Term Computers
942 ## - ADDED ENTRY ELEMENTS (KOHA)
Koha item type Books
Holdings
Accession Number Cost, normal purchase price Full call number Price effective from Koha item type Withdrawn / writtenoff status Materials specified (bound volume or other part) Damaged status Not for loan Permanent Location Current Location Shelving location Date acquired Lost/ Missing status department
M 174 270.00 105.23 10/30/2022 Books   Print     MIET Library, Jammu MIET Library, Jammu BL-Academic Block- B, FL-2, CUP-96, SH-6, R-6 05/07/2003   MCA
M 175 270.00 105.23 10/30/2022 Books   Print     MIET Library, Jammu MIET Library, Jammu BL-Academic Block- B, FL-2, CUP-83, SH-4, R-4 05/07/2004   MCA
M 176 270.00 105.23 10/30/2022 Books   Print     MIET Library, Jammu MIET Library, Jammu BL-Academic Block- B, FL-2, CUP-83, SH-4, R-4 05/07/2004   MCA
M 177 270.00 105.23 Bas 10/30/2022 Books   Print     MIET Library, Jammu MIET Library, Jammu BL-Academic Block- B, FL-2, CUP-83, SH-4, R-4 05/07/2004   MCA
M 178 270.00 105.23 Bas 10/30/2022 Books   Print     MIET Library, Jammu MIET Library, Jammu BL-Academic Block- B, FL-2, CUP-83, SH-4, R-4 05/07/2004   MCA